000 00570nam a2200217Ia 4500
005 20250425160706.0
008 250425s9999 xx 000 0 und d
020 _a9686630406
041 _aspa
082 _a658.3
100 _aHUSE, EDGAR F.
245 0 _aEL COMPORTAMIENTO HUMANO EN LA ORGANIZACION
250 _a1A ED.
260 _aMEXICO
260 _aMéxico
_bFondo Educativo Interamericano
_c1980
300 _a439
500 _aTítulo Traducido: BEHAVIOR IN ORGANIZATION
700 _aALFONSO MARQUEZ
_etraductor
942 _c01
010 _a2448
999 _c194222
_d194222